| 000 | 00442nam a2200157Ia 4500 | ||
|---|---|---|---|
| 003 | OSt | ||
| 005 | 20220613043430.0 | ||
| 008 | 151021s9999 xx 000 0 und d | ||
| 040 |
_aMMU _beng _cMMU _dMMU |
||
| 050 | _aKSK1744.5 .A6 2000 | ||
| 245 | _aThe proposed constitution of Kenya Government of Kenya / | ||
| 260 |
_aNairobI: _bAttorney general, _c2010. |
||
| 300 | _a204 p. : | ||
| 650 | _aConstitution of kenya | ||
| 942 |
_2lcc _cREFERENCE |
||
| 999 |
_c14752 _d14752 |
||